000 00782nam a2200253Ia 4500
003 OSt
005 20221002051231.0
006 a|||||r|||| 00| 0
007 ta
008 220930b |||||||| |||| 00| 0 eng d
024 _a24293
037 _cReference Collections
040 _aCRL
_cCRL
_beng
041 _2eng
_aeng
082 _aV2:594n2,N65, K7(RR)
100 _aBaranwal Sukhdeo Prasad Compiler & Editor
_9572263
245 0 _aMilitary yearbook, 1967
260 _aNew Delhi
_bGuide Publications India
_c1967
300 _a885p.
_ccm.
650 _a MILITARY ART AND SCIENCE
_930260
650 _aINDIA - HISTORY
942 _hV2:594n2,N65, K7(RR)
_cref
_2CC
999 _c916292
_d916292